| 000 | 00445nam a2200169Ia 4500 | ||
|---|---|---|---|
| 008 | 180921t2000 xxu||||| |||| 00| 0 eng d | ||
| 041 | _aeng | ||
| 080 |
_a625.143 _bRAI |
||
| 100 |
_aDe Silva,Piyal. _eed. |
||
| 245 |
_aRail 2000 _oSri Lanka Railway |
||
| 260 |
_bLumbini _aRathmalana _c2000 |
||
| 300 | _aPl,220p., 29 cm | ||
| 650 |
_aTechnical _aBridge _aAccident |
||
| 942 | _cBK | ||
| 999 |
_c15445 _d15445 |
||
| 003 | LK-CoDNM | ||
| 040 |
_aLK-CoDNM _dLK-CoDNM _eLK-CoDNM |
||